000 00538nam a22001577a 4500
003 macl
005 20190530161447.0
008 190530b xxu||||| |||| 00| 0 eng d
040 _cmacl
082 _a800/GAN
100 _aशुक्‍ला,डॉ इंदु
_973388
245 _aगंगाप्रसाद मिश्र ग्रंथावली खंड (2)
260 _aदिल्‍ली
_bगौरव बुक्‍स प्रकाशन
_c2016
650 _aरचनावली
_9163
942 _2ddc
_cHIN
999 _c59941
_d59941